000 00325nam a2200145Ia 4500
999 _c14211
_d14211
003 OSt
005 20260326190815.0
008 260210s9999 xx 000 0 und d
020 _a9791189659042
082 _a725.8
100 _aarchilab
245 0 _aNighbourhood Facility vol1
260 _barchilab
942 _cBPLAN
_2ddc